| 000 | 00902nam a2200241Ii 4500 | ||
|---|---|---|---|
| 008 | 221202s xx 000 0 und d | ||
| 100 | 1 |
_aPrados de la Escosura, Leandro, _eauthor |
|
| 245 | 0 |
_aSpanish Economic Growth, 1850 _b77.01388888888889 |
|
| 264 | 1 |
_aBasingstoke _bSpringer Nature _c2017 |
|
| 300 | _a1 online resource | ||
| 336 |
_atext _btxt _2rdacontent |
||
| 337 |
_acomputer _bc _2rdamedia |
||
| 338 |
_aonline resource _bcr _2rdacarrier |
||
| 490 | _aPalgrave Studies in Economic History | ||
| 520 | _aeconomics; productivity; consumption; value; income; expenditure | ||
| 653 | _aConsumption | ||
| 653 | _aEconomics | ||
| 653 | _aIncome | ||
| 653 | _aProductivity | ||
| 653 | _aValue | ||
| 856 |
_uhttps://docs.google.com/spreadsheets/d/1yKIrdCPDAG_9c22mwoOIO2DOhtj65Wqa/edit?usp=sharing&ouid=106555315294820607512&rtpof=true&sd=true _yList of Curated E-Books |
||
| 942 | _cE-BOOK | ||
| 999 |
_c96726 _d96723 |
||